|
|
|
|
| LEADER |
00000nam a2200000 a 4500 |
| 001 |
UCP1580 |
| 003 |
CL-VaPUC |
| 008 |
990416e19770000SP |||||||||||||||||spa|d |
| 082 |
0 |
4 |
|a 658.785
|b KRI
|2 21
|
| 100 |
0 |
|
|a Krippendorff, Herbert
|e author
|9 427704
|
| 245 |
1 |
0 |
|a Almacenaje industrial: organización, técnica y servicio de almacén
|
| 300 |
|
|
|a 201 p
|
| 942 |
|
|
|c BK
|
| 945 |
|
|
|d 19990416 00:00:00
|a cmena
|
| 260 |
|
|
|a Madrid
|b Paraninfo
|c 1977
|
| 650 |
|
0 |
|a Almacenes
|9 427705
|
| 650 |
|
7 |
|a PLANIFICACION Y CONTROL
|2 CL-VaPUC
|9 427706
|
| 650 |
|
7 |
|a MERCANCIAS
|2 CL-VaPUC
|9 376004
|
| 650 |
|
0 |
|a Transporte de mercancias
|9 358742
|
| 650 |
|
0 |
|a Productividad
|9 335972
|
| 650 |
|
0 |
|a Ventaja comparativa
|9 427707
|
| 650 |
|
0 |
|a Costes de producción
|9 263894
|
| 650 |
|
0 |
|a Gestión de la producción
|9 259467
|
| 583 |
|
|
|a last modification
|c 19990416 00:00:00
|k Rodrigo Vera
|
| 999 |
|
|
|c 280247
|d 280245
|